The World's best tropical dive destinations / (Record no. 358001)
[ view plain ]
| 000 -LEADER | |
|---|---|
| fixed length control field | 00512nam a2200193Ia 4500 |
| 008 - FIXED-LENGTH DATA ELEMENTS--GENERAL INFORMATION | |
| fixed length control field | 180620s9999 xx 000 0 und d |
| 020 ## - INTERNATIONAL STANDARD BOOK NUMBER | |
| International Standard Book Number | 978-1-906780-23-4 |
| 050 ## - LIBRARY OF CONGRESS CALL NUMBER | |
| Classification number | REF G 156.5 |
| 050 ## - LIBRARY OF CONGRESS CALL NUMBER | |
| Item number | .S66W66 2012 |
| 100 ## - MAIN ENTRY--PERSONAL NAME | |
| Personal name | Wood, Lawson. |
| 245 #4 - TITLE STATEMENT | |
| Title | The World's best tropical dive destinations / |
| 245 #0 - TITLE STATEMENT | |
| Statement of responsibility, etc | Lawson Wood. |
| 260 ## - PUBLICATION, DISTRIBUTION, ETC. (IMPRINT) | |
| Place of publication, distribution, etc | [s.l.] : |
| 260 ## - PUBLICATION, DISTRIBUTION, ETC. (IMPRINT) | |
| Name of publisher, distributor, etc | John Beaufoy Publishing, |
| 300 ## - PHYSICAL DESCRIPTION | |
| Extent | 208 pages : |
| 300 ## - PHYSICAL DESCRIPTION | |
| Other physical details | colored illustrations ; |
| 300 ## - PHYSICAL DESCRIPTION | |
| Dimensions | 27 cm. |
| 500 ## - GENERAL NOTE | |
| General note | Includes index. |
| Withdrawn status | Lost status | Damaged status | Home library | Current library | Shelving location | Date acquired | Total Checkouts | Full call number | Barcode | Date last seen | Price effective from | Koha item type |
|---|---|---|---|---|---|---|---|---|---|---|---|---|
| South Mansfield College | South Mansfield College | 04/19/2013 | REF G 156.5 .S66W66 2012 | SMC05919 | 06/20/2018 | 06/20/2018 |